Normal view
MARC view
Entry Personal Name
001 - CONTROL NUMBER
- control field: 546255
003 - CONTROL NUMBER IDENTIFIER
- control field: OSt
005 - DATE AND TIME OF LATEST TRANSACTION
- control field: 20220930091648.0
008 - FIXED-LENGTH DATA ELEMENTS
- fixed length control field: 220930|| aca||aabn | a|a d
040 ## - CATALOGING SOURCE
- Original cataloging agency: OSt
- Transcribing agency: OSt
100 ## - HEADING--PERSONAL NAME
- Personal name: Dr. Meenakshi Chauhan Au
670 ## - SOURCE DATA FOUND
- Source citation: Work cat.: (OSt)882423: Negi Lalit Mohan Au. 546254, Novel high efficiency transdermal gel of tenoxicam using ultradeformable drug carriers, 2009
